03381nam a22002537a 450000500170000000800410001704000600005804100080011808200120012610000310013824204130016924503280058225002240091026001000113430000950123450005410132950510280187050600210289854600210291965000470294065000420298765000500302965000480307920160525141224.0130419s1733||||it ||||fr|||||001|0|lat d cSandra Yazo (modificó)dSandra Yazo (modificó)bspa0 alat04a2412201 aBonacina, Martinodd. 163100aObras completas en tres tomoscde Martín de BonacinayspapTratado de Teología Moral y de todos los problemas de conciencia ... Tomo segundo trata detenidamente de las leyes, de los diez mandamientos, de los preceptos de la Iglesia, de la restitución y de los contratos. En especial, trata de las censuras eclesiásticas en general..pTomo tercero trata de las censuras eclesiásticas en particular.10cMartini Bonacinae ...aOpera omnia in tres tomos distributa ...pOpera de morali theologia et omnibus conscientiae nodis ... Tomus secundus in quo de legibus, deque decalogi et ecclesiae praeceptis itemque de restitutione et contractibus accurate disseriturpTomus tertius de censuris omnibus Ecclesiasticis in particulari aHaec novissima [Esta última edición]beditio a multis mendis expurgata continet omnes addittiones, quae factae fuerunt ab authore ... [corregida de muchos errores, incluye todas las adiciones que introdujo el autor] aVenetiis [Venecia] (Italia)bApud Jacobum Thomasinum [En los talleres de Jacobo Tomasino]c1733 a3 volúmenes ( [18], 770, [76] ; [8], 692, [56] ; [11], 416, [28] páginas)c35 x 23 cm. aDetalles físicos: Encuadernación rígida (romana) cartón forrado en pergamino fino. Conserva las guardas. Anteportada. Portada impresa en dos tintas con un grabado. Las portadas de los otros volúmenes en una sola tinta. Decretos y documentos iniciales. Índice de materias. Cenefas y remate. Mayúsculas capitales. Texto impreso en dos columnas con varios tipos y tamaños de letra. Sumarios y párrafos numerados. V.1: Anotaciones manuscritas en la guarda posterior. V.2 y V.3 Anotación manuscrita en la guarda delantera0 aV.1: Los sacramentos en general: Bautismo ; Confirmación ; Eucaristía ; Penitencia -- Indulgencias ; Sufragios ; Extremaunción ; Matrimonio: Naturaleza, propiedades, impedimentos, uso -- Las censuras: excomunión, suspensión, degradación ; Absolución de censuras ; La clausura -- Las Horas Canónicas -- La Simonía -- La enajenación de los bienes eclesiásticos -- V.2: La ley en general y en particular ; Privilegios ; Dispensas ; El pecado: original, actual, habitual, mortal, venial ; Distinción específica y numérica ; Decálogo -- Primer mandamiento: adoración, fe, esperanza, Caridad y superstición ; Segundo mandamiento: el juramento y el voto ; Tercer mandamiento: el precepto dominical ; Cuarto mandamiento: reverencia a los padres ; Sexto y noveno mandamientos: la concupiscencia -- Mandamientos de la Iglesia ; La restitución: en general y en particular ; Tratado sobre los contratos -- V.3: Censuras contenidas en la "Bula de la Cena" ; Excomuniones. ; Suspensiones ; Entredichos aConsulta en sala aTexto en latín 7aTeologíaxMoralxObras anteriores a 1800 7aSacramentos xObras anteriores a 1800 7aMandamientos de DiosxObras anteriores a 1800 7aDerecho canónicoxObras anteriores a 1800